Ναυπηγοεπισκευαστική ζώνη Περάματος: παρούσα κατάσταση & προοπτικές εξέλιξης: διπλωματική εργασία
Αποθηκεύτηκε σε:
| Κύριος συγγραφέας: | |
|---|---|
| Συγγραφή απο Οργανισμό/Αρχή: | |
| Μορφή: | Thesis Βιβλίο |
| Γλώσσα: | Greek |
| Δημοσίευση: |
2014.
|
| Θέματα: | |
| Διαθέσιμο Online: | http://hdl.handle.net/11610/9611 |
| Ετικέτες: |
Προσθήκη ετικέτας
Δεν υπάρχουν, Καταχωρήστε ετικέτα πρώτοι!
|
MARC
| LEADER | 00000cam a2200000 a 4500 | ||
|---|---|---|---|
| 001 | 1/109490 | ||
| 008 | 151216s2014####gr | ||| |||| ||gre|| | ||
| 040 | |a GR-MyUa |b gre |c GR-MyUa |e AACR2 | ||
| 041 | 0 | |a gre | |
| 082 | 7 | |a 338.47623809495 |2 (23) | |
| 100 | 1 | |a Φυτάς, Δημήτριος. | |
| 245 | 1 | 0 | |a Ναυπηγοεπισκευαστική ζώνη Περάματος: |b παρούσα κατάσταση & προοπτικές εξέλιξης: διπλωματική εργασία / |c Φυτάς Δημήτριος; επιβλέπων καθηγητής Νικήτας Νικητάκος. |
| 260 | |c 2014. | ||
| 300 | |a 85 σ. : |b διαγρ., εικ., πίν.; |c 30 εκ. | ||
| 502 | |a Πτυχιακή εργασία - Πανεπιστήμιο Αιγαίου, Χίος, 2014. | ||
| 504 | |a Περιλαμβάνει βιβλιογραφία. | ||
| 506 | 1 | |a Διάθεση λέξεων κλειδιών - περίληψης ; | |
| 540 | |a Κλειδωμένη δυνατότητα αντιγραφής. | ||
| 650 | 0 | |a Shipbuilding industry |z Greece |z Pireaus. | |
| 650 | 0 | |a Boatbuilding. | |
| 650 | 0 | |a Shipyards |z Greece |z Pireaus. | |
| 650 | 0 | |a Naval architecture. | |
| 700 | 1 | |a Νικητάκος, Νικήτας, |e dgs | |
| 710 | 1 | |a Πανεπιστήμιο Αιγαίου |b Σχολή Επιστημών της Διοίκησης |b Τμήμα Ναυτιλίας και Επιχειρηματικών Υπηρεσιών - Τ.Ν.Ε.Υ. | |
| 852 | |a INST |b CHIOS |c DIATR |e 20151216 |h 338.47623809495 ΦΥΤ |p 005200036842 |q 005200036842 |t DIE |y 23 | ||
| 852 | |a INST |b CHIOS |c DIATR |e 20151216 |h 338.47623809495 ΦΥΤ |p 005200036843 |q 005200036843 |t DIE |y 23 | ||
| 856 | |u http://hdl.handle.net/11610/9611 | ||
| 924 | |a Φυτάς |b Δημήτριος |y Χίος |z 2014-07 | ||
| 970 | |a Παροικάκη |b Βασιλική |z 16-12-2015 | ||